000
00321nam a22001337a 4500
020
_a
93-95239-21-9
082
_a
894.812.3
_b
MOH/U
100
_a
MOHAN,G. BENCY
245
_a
UNNIKUTTANUM PACHAMANUSHYANUM
260
_a
THRISSUR
_b
PRABHATHAM PRINTING & PUBLISHING
300
_a
99
650
_a
STORY
_z
KERALA
942
_c
BK
999
_c
7114
_d
7114